| 000 | nam a22 a 4500 | ||
|---|---|---|---|
| 999 |
_c69 _d69 |
||
| 003 | AKMAL | ||
| 005 | 20170413154412.0 | ||
| 008 | s2003 my 00 eng d | ||
| 020 |
_a9830371123: _cRM35.00 |
||
| 040 | _aAKMAL | ||
| 090 | 2 | 0 |
_a959.5054 _bMAS |
| 100 | 0 |
_aHasan Hj. Hamzah, _d1957- _9214 |
|
| 245 | 1 | 0 |
_aMahathir : _bwake-up call / _cHasan Hamzah / _cedited by H. Johana |
| 260 |
_aShah Alam : _bAnzagain, _c2003 |
||
| 300 | 0 | 0 |
_a152p. ; _c22cm |
| 504 | _aIncludes bibliographical references | ||
| 599 | _aDALAM PROSES | ||
| 600 | 0 | 0 |
_aMahathir bin Mohamad, _cDato' Seri, _d1925- _95 |
| 650 | 0 |
_aPrime ministers _zMalaysia _vBiography _947 |
|
| 650 | 0 |
_aPoliticians _zMalaysia _vBiography _9215 |
|
| 651 | 0 |
_aMalaysia _xPolitics and government _944 |
|
| 700 | 0 |
_aH. Johana _9216 |
|
| 942 |
_2ddc _cBOOK |
||